LEADER 01138nam0 2200337 450 001 000042193 005 20160620101703.0 010 $a0-333-23107-4 100 $a20160613d1979----km-y0itaa50------ba 101 0 $aeng 102 $aGB 200 1 $aThomas Hardy, Poems$ea casebook$fedited by James Gibson and Trevor Johnson 210 $aLondon$cMacmillan$d1979 215 $a274 p.$d22 cm 225 2 $aCasebook series 300 $aIn copertina: Thomas Hardy: Poems 410 0$12001$aCasebook series 517 1 $aPoems 700 1$aHardy,$bThomas$0142510 702 1$aGibson,$bJames 702 1$aJohnson,$bTrevor 801 0$aIT$bUniversità della Basilicata - B.I.A.$gREICAT$2unimarc 912 $a000042193 996 $aThomas Hardy, Poems$91531419 997 $aUNIBAS CAT $aSTD110$b01$c20160613$lBAS01$h1106 CAT $aSTD109$b05$c20160615$lBAS01$h1005 CAT $aSTD109$b05$c20160615$lBAS01$h1006 CAT $aSTD109$b05$c20160620$lBAS01$h1017 FMT Z30 -1$lBAS01$LBAS01$mBOOK$1BASA1$APolo Storico-Umanistico$2DSLF$BCollezione DiSLF$3DF/SE453$64183$5F4183$820160613$f02$FPrestabile Generale